| 000 | 00345nam a22001457a 4500 | ||
|---|---|---|---|
| 999 |
_c9181 _d9181 |
||
| 003 | OSt | ||
| 008 | 201119b ||||| |||| 00| 0 eng d | ||
| 020 | _a9788122303476 | ||
| 100 | _aSansi, Harish C | ||
| 245 | _a101 Brain Teasers | ||
| 260 |
_aNew Delhi _bPustak Mahal _c2017 |
||
| 300 | _a152p. | ||
| 650 | _aB.A Hons. English | ||
| 942 |
_2ddc _cBK |
||